000 00556nam a2200181 4500
999 _c510947
_d510947
008 190905b ||||| |||| 00| 0 eng d
100 _aGroot, Loek
_99764
245 _aWelfare states' social investment strategies and the emergence of Dutch experiments on a minimum income guarantee
260 _c2019
300 _ap.277-287.
650 _aWelfare state
_99765
650 _aIncome
_99766
700 _aMuffels, Ruud
_99767
700 _aVerlaat, Timo
_99768
773 _a Social Policy and Society
906 _aSocial policy
942 _2ddc
_cAR